00478nam a2200157Ia 4500001000500000005001700005008004100022041000800063082001600071100004800087245013200135260000900267300002800276650000800304654000800312880820260306160637.0260306t2012||||xx |||||||||||||| ||spa|| aESP a378.17bB45 aBermúdez García, Alejandro JosuéeAUT 0aCómo implementar el ABP, la experiencia de la Escuela de Medicina de UPC:bla experiencia de la Escuela de Medicina de la UPC c2012 a102 páginas :c22 cm. aGEN aCED